| Tag |
First Indicator |
Second Indicator |
Subfields |
| LEADER |
00000cam a2200000 4500 |
| 001 |
in00000021042 |
| 005 |
20151007060938.0 |
| 008 |
800627s1949 enka b 00000 eng d |
| 035 |
|
|
|a (OCoLC)06465595
|
| 035 |
|
|
|9 AAD0650AM
|
| 040 |
|
|
|a TXA
|c TXA
|d UtOrBLW
|
| 049 |
|
|
|a TXAM
|c [180725]
|
| 090 |
|
|
|a S675
|b .H39 1949
|
| 092 |
|
|
|a 631.3
|b H393m
|
| 100 |
1 |
|
|a Hawkins, J. C.
|
| 245 |
1 |
4 |
|a The mechanical equipment of farms.
|
| 264 |
|
1 |
|a London :
|b Farmer & Stock-Breeder :
|b E. & F.N. Spon,
|c 1949.
|
| 300 |
|
|
|a xv, 418 pages :
|b illustrations
|
| 336 |
|
|
|a text
|b txt
|2 rdacontent
|
| 337 |
|
|
|a unmediated
|b n
|2 rdamedia
|
| 338 |
|
|
|a volume
|b nc
|2 rdacarrier
|
| 504 |
|
|
|a Bibliography: pages 385-399.
|
| 650 |
|
0 |
|a Agricultural machinery.
|
| 999 |
|
|
|a MARS
|
| 999 |
f |
f |
|s bfd4d22b-e1b4-3688-a310-a52d0994533b
|i 4939e2c1-75b3-319d-a730-46f55a156f9d
|t 0
|
| 952 |
f |
f |
|p ric
|a Texas A&M University
|b Rellis Campus
|c Joint Library Facility
|d Remote Storage
|t 0
|e S675 .H39 1949
|h Library of Congress classification
|i unmediated -- volume
|m A14801062688
|
| 998 |
f |
f |
|a S675 .H39 1949
|t 0
|l Remote Storage
|